000 00628nam a2200181Ia 4500
008 090123s9999 xx 000 0 und d
082 _b35224
_a891.463/प्रधान
100 _aप्रधान जी.के
245 _aसाद देती हिमशिखरे
250 _a0
260 _bपरशुराम
600 _aप्रधान जी.के
630 _aसाद देती हिमशिखरे
700 _aप्रधान जी.के
700 _aजोशी रामचंद्र
730 _aसाद देती हिमशिखरे
942 _cBOOK
999 _c73292
_d73292